| 000 | 00774nam a2200265Ia 4500 | ||
|---|---|---|---|
| 003 | OSt | ||
| 005 | 20220925170037.0 | ||
| 006 | a|||||r|||| 00| 0 | ||
| 007 | ta | ||
| 008 | 220923b |||||||| |||| 00| 0 eng d | ||
| 020 | _a0873325427 | ||
| 037 | _cGeneral Book | ||
| 040 |
_aRTL _cRTL _beng |
||
| 041 |
_2eng _aeng |
||
| 082 | _aX:3M24xM18.41.N8, M9 | ||
| 100 |
_aBrook Timothy Ed. _9235587 |
||
| 245 | 0 | _aAsiatic mode of production in China | |
| 260 |
_aArmonk _bM E Sharpe _c1989 |
||
| 300 |
_axi+204p _ccm. |
||
| 490 | _aChinese Studies On China | ||
| 500 | _aBibliography: p 185-96 | ||
| 650 |
_aEconomics Classes Karl Marx _9230895 |
||
| 942 |
_hX:3M24xM18.41.N8, M9 _cGB _2CC |
||
| 999 |
_c478993 _d478993 |
||